| 000 | 00913nam a2200241 i 4500 | ||
|---|---|---|---|
| 001 | 182171 | ||
| 003 | ES-MaACL | ||
| 005 | 20231022185325.0 | ||
| 008 | 130621s2011 sp | |||||||| | spa d | ||
| 020 | _a978-84-7822-605-4 | ||
| 080 | _a821.134.2(460.31).09"19" | ||
| 100 | 1 |
_aGarcía Cueto, Pedro. _9152969 |
|
| 245 | 1 | 3 |
_aLa mirada del Mediterráneo : _bestudio de doce poetas valencianos contemporáneos en lengua castellana / _cPedro García Cueto. |
| 260 |
_a[Valencia] : _bInstitució Alfons el Magnànim, _c2011. |
||
| 300 |
_a219 p. ; _c21 cm. |
||
| 490 | 1 |
_aEstudis universitaris ; _v128 |
|
| 504 | _aBibliografía: [3] p. | ||
| 650 | 4 |
_aPoesía española- _zComunidad Valenciana- _xHistoria y crítica. _9152970 |
|
| 830 | 0 |
_aEstudis universitaris ; _v128 _9184220 |
|
| 852 |
_aES-MaACL _jA-12744 _9189082 _bR.148553 _cDEPO1 _dOlim: N-5744 |
||
| 942 |
_2udc _cMONOGRAFIA |
||
| 999 |
_c182171 _d182171 |
||